Welcome to WEB OPAC of MRSPTU Central Library

Discrete-time control systems (Record no. 6256)

MARC details
000 -LEADER
fixed length control field 00414nam a2200169Ia 4500
008 - FIXED-LENGTH DATA ELEMENTS--GENERAL INFORMATION
fixed length control field 230711s9999||||xx |||||||||||||| ||und||
020 ## - INTERNATIONAL STANDARD BOOK NUMBER
International Standard Book Number 978-93-325-4966-1
041 ## - LANGUAGE CODE
Language code of text/sound track or separate title ENG
082 ## - DEWEY DECIMAL CLASSIFICATION NUMBER
Classification number 621.317
Item number OG-D
100 ## - MAIN ENTRY--PERSONAL NAME
Personal name Ogata, Katsuhiko
245 #0 - TITLE STATEMENT
Title Discrete-time control systems
250 ## - EDITION STATEMENT
Edition statement 2nd Ed.
260 ## - PUBLICATION, DISTRIBUTION, ETC.
Date of publication, distribution, etc. 2015
Place of publication, distribution, etc. New Delhi
Name of publisher, distributor, etc. Pearson
300 ## - PHYSICAL DESCRIPTION
Extent 745p.
650 ## - SUBJECT ADDED ENTRY--TOPICAL TERM
Topical term or geographic name entry element Electrical Engineering
942 ## - ADDED ENTRY ELEMENTS (KOHA)
Koha item type Book
Holdings
Withdrawn status Lost status Damaged status Not for loan Collection Home library Current library Date acquired Cost, normal purchase price Inventory number Total checkouts Full call number Barcode Date last seen Price effective from Koha item type
          MRSPTU Central Library MRSPTU Central Library   589.00 KBD/2016-2017/961142808   621.317 OG-D 35374 08/17/2023 08/17/2023 Book
          MRSPTU Central Library MRSPTU Central Library         621.317 OG-D 19163 08/17/2023 08/17/2023 Book
          MRSPTU Central Library MRSPTU Central Library         621.317 OG-D 19838 08/17/2023 08/17/2023 Book
          MRSPTU Central Library MRSPTU Central Library         621.317 OG-D 19839 08/17/2023 08/17/2023 Book
          MRSPTU Central Library MRSPTU Central Library         621.317 OG-D 19840 08/17/2023 08/17/2023 Book
          MRSPTU Central Library MRSPTU Central Library         621.317 OG-D 19841 08/17/2023 08/17/2023 Book
          MRSPTU Central Library MRSPTU Central Library   589.00 KBD/2016-2017/961142808   621.317 OG-D 35375 08/17/2023 08/17/2023 Book
          MRSPTU Central Library MRSPTU Central Library   589.00 KBD/2016-2017/961142808   621.317 OG-D 35376 08/17/2023 08/17/2023 Book
          MRSPTU Central Library MRSPTU Central Library   589.00 KBD/2016-2017/961142808   621.317 OG-D 35377 08/17/2023 08/17/2023 Book
          MRSPTU Central Library MRSPTU Central Library   589.00 KBD/2016-2017/961142808   621.317 OG-D 35378 08/17/2023 08/17/2023 Book

Website Designed and Developed by MRSPTU Central Library Team

E-mail Id: librarian@mrsptu.ac.in